L'elisir d'amore / (Record no. 196121)

MARC details
000 -LEADER
campo de control de longitud fija 02745njm a2200553 i 4500
001 - NÚMERO DE CONTROL
campo de control 196121
003 - IDENTIFICADOR DE NÚMERO DE CONTROL
campo de control ES-MaACL
005 - FECHA Y HORA DE LA ÚLTIMA TRANSACCIÓN
campo de control 20250904042306.0
007 - CAMPO FIJO DE DESCRIPCIÓN FÍSICA--INFORMACIÓN GENERAL
campo de control de longitud fija sd*fsngnnmmned
008 - DATOS DE LONGITUD FIJA--INFORMACIÓN GENERAL
campo de control de longitud fija 240209s2007 sp opn d / ita
015 ## - NÚMERO DE BIBLIOGRAFÍA NACIONAL
Número de bibliografía nacional SON07
017 ## - NÚMERO DE COPYRIGHT O DE DEPÓSITO LEGAL
Número de copyright o de depósito legal M 35015-2007
Agencia que asigna Oficina Depósito Legal Madrid
020 ## - NÚMERO INTERNACIONAL ESTÁNDAR DEL LIBRO
Número Internacional Estándar del Libro 9788496832824
035 ## - NÚMERO DE CONTROL DEL SISTEMA
Número de control de sistema (OCoLC)1004290756
035 ## - NÚMERO DE CONTROL DEL SISTEMA
Número de control de sistema (SpMaBN)a4580580
040 ## - FUENTE DE CATALOGACIÓN
Centro catalogador/agencia de origen SpMaBN
Lengua de catalogación spa
Centro/agencia transcriptor SpMaBN
Normas de descripción rdc
100 1# - ENTRADA PRINCIPAL--NOMBRE DE PERSONA
Nombre de persona Donizetti, Gaetano,
Fechas asociadas al nombre 1797-1848
9 (RLIN) 240583
Término indicativo de función/relación Compositor
240 12 - TÍTULO UNIFORME
Título uniforme L'elisir d'amore
245 12 - MENCIÓN DEL TÍTULO
Título L'elisir d'amore /
Mención de responsabilidad, etc. Donizetti ; libreto de Felice Romani
Medio [Grabación sonora]
260 ## - PUBLICACIÓN, DISTRIBUCIÓN, ETC.
Lugar de publicación, distribución, etc. Madrid :
Nombre del editor, distribuidor, etc. Prisa Innova ;
Fecha de publicación, distribución, etc. D.L. 2007
264 ## - PRODUCCIÓN, PUBLICACIÓN, DISTRIBUCIÓN, FABRICACIÓN Y COPYRIGHT
Producción, publicación, distribución, fabricación y copyright ©2007
300 ## - DESCRIPCIÓN FÍSICA
Extensión 2 discos (CD Audio) +
Material acompañante/anejo 1 libro (76 páginas)
336 ## - TIPO DE CONTENIDO
Fuente rdacontent
Término de tipo de contenido música (interpretada)
337 ## - TIPO DE MEDIO
Fuente rdamedia
Nombre/término del tipo de medio audio
338 ## - TIPO DE SOPORTE
Fuente rdacarrier
Nombre/término del tipo de soporte volumen
490 1# - MENCIÓN DE SERIE
Mención de serie Los clásicos de la ópera, 400 años ;
Designación de volumen o secuencia 37
500 ## - NOTA GENERAL
Nota general Remasterizado
511 1# - NOTA DE PARTICIPANTES O INTÉRPRETES
Nota de participantes o intérpretes Margherita Carosio, Nicola Monti, Tito Gobbi, Melchiorre Luise, Loretta di Lelio ; Coro y Orquesta del Teatro de la Ópera de Roma ; Gabriele Santini, director musical.
518 ## - NOTA DE FECHA/HORA Y LUGAR DE UN ACONTECIMIENTO
Nota de fecha/hora y lugar de un acontecimiento Grabado en Roma en noviembre de 1952
520 ## - RESUMEN, ETC.
Sumario, etc. Junto con Don Pasquale e Il Barbiere di Siviglia, L¡elisir d'amore, estrenada en el Teatro della Canobbiana de MIlán el 12 de mayo de 1832, constituye una de las cimas de la ópera cómica italiana, por su directo melodismo, la acertada caracterización de unos personajes rebosantes de humanidad y de una partitutra de una frescura y una inspiración melódica sin parangón, como demuestra la célebre aria "Una furtiva lagrima".
650 #7 - PUNTO DE ACCESO ADICIONAL DE MATERIA--TÉRMINO DE MATERIA
Término de materia o nombre geográfico como elemento de entrada Óperas-
9 (RLIN) 137584
Subdivisión de forma Libretos
655 #7 - TERMINO DE INDIZACIÓN--GENERO/FORMA
Datos o término principal de género/forma Libretos
Fuente del término
9 (RLIN) 242219
700 1# - ENTRADA AGREGADA--NOMBRE PERSONAL
Nombre de persona Romani, Felice,
Fechas asociadas al nombre 1788-1865-
Título de la obra L'elisir d'amore-
Lenguaje de la obra Español-Italiano
9 (RLIN) 238358
Término indicativo de función/relación Libretista
700 1# - ENTRADA AGREGADA--NOMBRE PERSONAL
Nombre de persona Carosio, Margherita,
Fechas asociadas al nombre 1908-2005
9 (RLIN) 238359
Término indicativo de función/relación Intérprete
700 1# - ENTRADA AGREGADA--NOMBRE PERSONAL
Nombre de persona Monti, Nicola,
Fechas asociadas al nombre 1898-1967
9 (RLIN) 238360
Término indicativo de función/relación Intérprete
700 1# - ENTRADA AGREGADA--NOMBRE PERSONAL
Nombre de persona Gobbi, Tito,
Fechas asociadas al nombre 1913-1984
9 (RLIN) 238361
Término indicativo de función/relación Intérprete
700 1# - ENTRADA AGREGADA--NOMBRE PERSONAL
Nombre de persona Luise, Melchiorre,
Fechas asociadas al nombre 1898-1967
9 (RLIN) 238362
Término indicativo de función/relación Intérprete
700 1# - ENTRADA AGREGADA--NOMBRE PERSONAL
Nombre de persona Di Lelio, Loretta,
Fechas asociadas al nombre 1918-2013
9 (RLIN) 238363
Término indicativo de función/relación Intérprete
700 1# - ENTRADA AGREGADA--NOMBRE PERSONAL
Nombre de persona Santini, Gabriele,
Fechas asociadas al nombre 1886-1964
9 (RLIN) 235566
Término indicativo de función/relación Director musical
710 2# - ENTRADA AGREGADA--NOMBRE DE ENTIDAD CORPORATIVA
Nombre de entidad corporativa o nombre de jurisdicción como elemento de entrada Teatro dell'Opera di Roma
9 (RLIN) 238364
710 2# - ENTRADA AGREGADA--NOMBRE DE ENTIDAD CORPORATIVA
Nombre de entidad corporativa o nombre de jurisdicción como elemento de entrada Teatro dell'Opera di Roma
9 (RLIN) 238364
852 ## - LOCALIZACIÓN
Ubicación ES-MaACL
Sublocalización o colección R.155050
Ubicación en estantería Depósito J
Número de control de estantería N-9832
Donativo/Legado Donación: Miren Fernández
Encuadernación Encuadernación cartoné
Designación de la unidad física Volumen 37
itemnumber 205790
903 ## - NOMBRE PERSONAL DE DONANTE
a Fernández, Miren
e Donante
942 ## - ELEMENTOS DE ENTRADA SECUNDARIOS (KOHA)
Tipo de ítem Koha Libro impreso
Suprimir en OPAC No
Holdings
Estatus retirado Estado de pérdida Fuente del sistema de clasificación o colocación Estado de daño No para préstamo Biblioteca de origen Biblioteca actual Ubicación en estantería Fecha de adquisición Fuente de adquisición Total de préstamos Signatura topográfica completa Código de barras Visto por última vez Precio de reemplazo Tipo de ítem Koha
    Clasificación decimal universal     Biblioteca del Ateneo de Madrid Biblioteca del Ateneo de Madrid Depósito J 24/05/2025 Donación   N-9832 101230137 24/05/2025 24/05/2025 Libro impreso